000 00803mam a2200265 a 4500
001 3149870
003 ARRUPE
005 20141216125504.0
008 010503s2001 sa 000 f eng
015 _aGBA1-W3552
020 _a0795700970 (pbk.)
035 _a(OCoLC)ocm47675383
040 _aUKM
_cUKM
_dOCLCQ
_dNNC
082 0 4 _a823
_221
100 1 _aDangor, Achmat,
_d1948-
_913434
245 1 0 _aBitter fruit :
_ba novel /
_cby Achmat Dangor.
250 _a1st ed.
260 _aLondon :
_bAtlantic Books,
_c2004.
300 _a254 p. ;
_c22 cm.
650 0 _aRace awareness
_zSouth Africa
_vFiction.
_913435
650 0 _aGender identity
_zSouth Africa
_vFiction.
_913436
651 0 _aSouth Africa
_xPolitics and government
_y1994-
_vFiction.
_913437
942 _2lcc
_cMONOGRAPH
999 _c121513
_d121513